| 000 | 00739nam a2200217 i 4500 | ||
|---|---|---|---|
| 003 | DO-SdBNP | ||
| 005 | 20240916150742.0 | ||
| 007 | ta | ||
| 008 | 240916s1922 dr 000 0 spa d | ||
| 040 |
_aDO-SdBNP _bspa _cBNPHU _erda |
||
| 082 | _222 | ||
| 245 | 0 | 0 |
_aMemorándum : _bdel entendido de evacuación de la República Dominicana por las fuerzas militares de los Estados Unidos de América, concertado en Washington, D. C. en junio 30 de 1922 / |
| 264 |
_aSanto Domingo : _bImprenta Listin, _c1922. |
||
| 300 |
_a25 paginas. ; _c25 cm. |
||
| 336 |
_2rdacontent _atexto _btxt |
||
| 337 |
_2rdamedia _asin mediación _bn |
||
| 338 |
_2rdacarrier _avolumen _bnc |
||
| 590 | _aInventariado, 2024 / YL | ||
| 910 | _aDG | ||
| 942 |
_2ddc _cLF2 |
||
| 999 |
_c57698 _d57698 |
||